000 00959nam a2200265 i 4500
001 8238
003 KOSZ 005
005 20221115121449.0
008 081009s1956 pl a f 000 0 pol
015 _aPB 1956/5932
040 _aWA N
_cKOSZ 005/RW
_dKOSZ 005/RW
041 1 _apol
_hrus
080 _a621.3
100 1 _aKnâzev, Aleksej Dmitrevič.
_eAutor.
245 1 0 _aJak działa radiostacja /
_cA. Kniaziew ; [tł. Władysław Rabęcki].
246 1 _iTyt. oryg.:
_aKak rabotaet radiostanciâ
260 _aWarszawa :
_bWydawnictwo Ministerstwa Obrony Narodowej,
_c1956.
300 _a250, [1] s. :
_bil., err. ;
_c21 cm.
380 _aKsiążki.
650 4 _aRadiostacje
710 2 _aWydawnictwo Ministerstwa Obrony Narodowej
_4pbl.
700 1 _aRabęcki, Władysław
_eTłumaczenie
856 _uhttp://koha.tu.koszalin.pl/cgi-bin/koha/opac-detail.pl?biblionumber=8238
_yKatalog online BPK
942 _2UKD
_cKS
999 _c8238
_d8238